Quiz Wiedzy o Ekstraklasie #1 - Statystyki

Ogólne statystyki
  • Ten quiz został rozwiązany 649 razy
  • Średni wynik to 6 z 10
Statystyki odpowiedzi
Hint Odpowiedź % Poprawnych
Ile razy Garbarnia Kraków zdobyła mistrzostwo Polski? 1
100%
Ile zespołów występuje w Ekstraklasie? 16
95%
Ile razy Zagłębie Sosnowiec zdobyło wicemistrzostwo Polski? 4
92%
Ile przedstawicieli w najwyższej klasie rozgrywkowej, w Polsce miał Kraków? 7
86%
Kto był sponsorem Ekstraklasy od sezonu 2011/2012 do sezonu 2014/2015? T-Mobile
70%
Jaka jest aktualnie pełna nazwa Ekstraklasy? Lotto Ekstraklasa
67%
Od którego sezonu najwyższa klasa rozgrywkowa w Polsce nosi nazwę Ekstraklasa? 2008/2009
48%
Jaki zawodnik ma najwięcej występów w Ekstraklasie? Łukasz Surma
37%
Kto był pierwszym królem strzelców w historii ligi? Henryk Reyman
14%
Kto jest aktualnym prezesem Ekstraklasy? Marcin Animucki
8%
Nie znaleziono quizów pasujących do podanych kryteriów
Rozkład punktacji
Procent ludzi z każdym wynikiem
Percentyl według liczby udzielonych odpowiedzi
Twoja historia wyników
Nie rozwiązałeś tego quizu